Vnútropodnikový controlling

Guardado en:
Detalles Bibliográficos
Autor principal: Foltínová, Alžbeta
Autor Corporativo: Ekonomická univerzita v Bratislave. Fakulta podnikového manažmentu
Otros Autores: Kalafutová, Ľudmila
Formato: Libro
Lenguaje:eslovaco
Publicado: Bratislava Vydavateľstvo Ekonóm 1997
Materias:
Etiquetas: Agregar Etiqueta
Sin Etiquetas, Sea el primero en etiquetar este registro!

MARC

LEADER 00000nam a2200000 4500
001 c100195
005 20221123122629.4
020 |a 80-225-0868-3 
041 0 |a slo 
044 |a SK 
245 1 0 |a Vnútropodnikový controlling  |c Alžbeta Foltínová, Ľudmila Kalafutová 
264 1 |a Bratislava  |b Vydavateľstvo Ekonóm  |c 1997 
300 |a 184 s. 
610 2 0 |a kontroling 
610 2 0 |a náklady 
610 2 0 |a výnosy 
610 2 0 |a výsledok hospodársky 
610 2 0 |a účtovníctvo vnútropodnikové 
610 2 0 |a výkony vnútropodnikové 
100 1 |a Foltínová, Alžbeta 
700 1 |a Kalafutová, Ľudmila 
710 2 |a Ekonomická univerzita v Bratislave. Fakulta podnikového manažmentu